BIBLIOTECA PODER JUDICIAL
Portal Judicial TDF

Reflexiones sobre el Código Civil y Comercial de la Nación a 10 años de su vigencia / (Registro nro. 6358)

000 -LEADER
fixed length control field 01412nab a22002777a 4500
003 - CONTROL NUMBER IDENTIFIER
control field OSt
005 - DATE AND TIME OF LATEST TRANSACTION
control field 20260131195700.0
008 - FIXED-LENGTH DATA ELEMENTS--GENERAL INFORMATION
fixed length control field 190603e xxum|||| |||| 00| 0 spa d
040 ## - CATALOGING SOURCE
Transcribing agency PJ
100 ## - MAIN ENTRY--PERSONAL NAME
9 (RLIN) 6875
Personal name Quirós, César Ezequiel
245 10 - TITLE STATEMENT
Title Reflexiones sobre el Código Civil y Comercial de la Nación a 10 años de su vigencia /
Statement of responsibility, etc César E. Quirós.
260 ## - PUBLICATION, DISTRIBUTION, ETC. (IMPRINT)
Date of publication, distribution, etc Ciudad Autónoma de Buenos Aires :
Place of publication, distribution, etc Thomson Reuters La Ley,
Name of publisher, distributor, etc 2025.
300 ## - PHYSICAL DESCRIPTION
Extent p. 119-132
500 ## - GENERAL NOTE
General note Cita: TR LALEY AR/DOC/2866/2025 <br/>Publicado en: RCCyC 2025 (Diciembre).
505 ## - FORMATTED CONTENTS NOTE
Formatted contents note Sumario: I. Introducción.— II. Antecedentes.— III. Título preliminar.— IV. Parte general.— V. Derecho de familia.— VI. Derecho de las obligaciones.— VII. Responsabilidad civil.— VIII. Derecho de los contratos.— IX. Derechos reales.— X. Derecho sucesorio.— XI. Conclusiones.
505 ## - FORMATTED CONTENTS NOTE
Title ¿Te interesa el texto completo? Solicitalo al correo: koha@justierradelfuego.gov.ar
650 #0 - SUBJECT ADDED ENTRY--TOPICAL TERM
9 (RLIN) 1497
Topical term or geographic name as entry element CODIGO CIVIL Y COMERCIAL
650 #0 - SUBJECT ADDED ENTRY--TOPICAL TERM
9 (RLIN) 2710
Topical term or geographic name as entry element DERECHO PRIVADO
650 #0 - SUBJECT ADDED ENTRY--TOPICAL TERM
9 (RLIN) 967
Topical term or geographic name as entry element DERECHO DE FAMILIA
650 #0 - SUBJECT ADDED ENTRY--TOPICAL TERM
9 (RLIN) 352
Topical term or geographic name as entry element DERECHO CIVIL
650 #0 - SUBJECT ADDED ENTRY--TOPICAL TERM
Topical term or geographic name as entry element DERECHO COMERCIAL
9 (RLIN) 1602
650 #0 - SUBJECT ADDED ENTRY--TOPICAL TERM
Topical term or geographic name as entry element DERECHO DE FAMILIA
9 (RLIN) 967
650 #0 - SUBJECT ADDED ENTRY--TOPICAL TERM
Topical term or geographic name as entry element DERECHOS REALES
9 (RLIN) 1821
773 0# - HOST ITEM ENTRY
Host Biblionumber 2713
Host Itemnumber 3170
Place, publisher, and date of publication Ciudad Autónoma de Buenos Aires : Thomson Reuters La Ley, 2015-
Title Revista Código Civil y Comercial. Nº 6 - Diciembre 2025
942 ## - ADDED ENTRY ELEMENTS (KOHA)
Source of classification or shelving scheme
Koha item type Analítica Artículo de Revista

No hay ítems disponibles.

12 de Octubre 789 Ushuaia - Tel:  54(02901)441571
Horario de Atención: 8.00 a 17.00 hs. 
bibliotecaush@justierradelfuego.gov.ar
koha@justierradelfuego.gov.ar
Seguinos en nuestras redes @bibliojustdf 

Con tecnología Koha